[Event "Ceriano Laghetto op 11th"]
[Site "Ceriano Laghetto"]
[Date "2002.02.03"]
[Round "6"]
[White "Pace, Pietro Dario"]
[Black "Zacco, Remo"]
[Result "1-0"]
[WhiteElo "2116"]
[BlackElo "1821"]
[PlyCount "91"]
[EventDate "2002.01.26"]
[EventType "swiss"]
[EventRounds "6"]
[EventCountry "ITA"]
[SourceTitle "EXT 2024"]
[Source "ChessBase"]
[SourceDate "2023.10.10"]
[SourceVersion "1"]
[SourceVersionDate "2023.10.10"]
[SourceQuality "1"]

1. e4 e5 2. Nf3 Nc6 3. Bb5 a6 4. Ba4 d6 5. 0-0 Bd7 6. c3 Nge7 7. d4 Ng6 8. d5 Nb8 9. Bc2 Be7 10. c4 0-0 11. Be3 a5 12. Nc3 Na6 13. a3 c5 14. dxc6 bxc6 15. Rb1 Rb8 16. Na2 Bg4 17. h3 Be6 18. Qd3 f5 19. Qe2 f4 20. Bd2 Nh4 21. b3 Qc8 22. Nxh4 Bxh4 23. Qh5 Bd8 24. Qf3 Rf6 25. Rfc1 Rg6 26. Kf1 a4 27. Bd1 axb3 28. Rxb3 Rxb3 29. Qxb3 Nc5 30. Qf3 Qa6 31. Nb4 Qa8 32. Nd3 Bb6 33. Bb4 Qa7 34. Nxc5 Bxc5 35. Bxc5 Qxc5 36. Qb3 Rf6 37. Be2 Rf8 38. Qb4 Qd4 39. Bf3 c5 40. Qb3 Ra8 41. Kg1 h5 42. Bxh5 Kh7 43. a4 Kh6 44. Bf3 Kg5 45. Qb7 Rg8 46. Qe7+ 1-0